[Event "AimChess Rapid Play-In"]
[Site "chess.com INT"]
[Date "2023.06.12"]
[Round "3.71"]
[White "Warmerdam, Max"]
[Black "Salgado Lopez, I."]
[Result "1-0"]
[WhiteElo "2602"]
[BlackElo "2591"]
[PlyCount "105"]
[EventDate "2023.06.12"]
[EventType "rapid"]

1. Nf3 d5 2. g3 e6 3. Bg2 Nf6 4. O-O Be7 5. d4 O-O 6. Ne5 Nfd7 ({RR} 6... b5 7. b3 Bb7 8. c4 bxc4 9. bxc4 Nbd7 10. Nc3 c6 11. Rb1 Qc8 12. Bf4 Nxe5 13. dxe5 Nd7 14. Rc1 dxc4 15. Ne4 Nb6 16. Qc2 h6 17. Rfd1 Rd8 18. Nd6 Bxd6 19. exd6 c5 20. e4 Qc6 21. h4 {Fressinet,L (2622)-Tang,A (2539) chess24.com INT 2022 ½-½ (49)}) ({RR} 6... a6 7. c4 dxc4 8. Nc3 Nc6 9. Bxc6 bxc6 10. Nxc6 Qe8 11. Nxe7+ Qxe7 12. Qa4 e5 13. dxe5 Qxe5 14. Qxc4 Bb7 15. Bf4 Qh5 16. f3 Rac8 17. Rad1 Rfe8 18. e4 Qh3 19. Bg5 Nh5 20. Ne2 h6 21. Be3 {Mammadzada,G (2412)-Ibrahimova,S (2177) Baku AZE 2025 1-0 (31)}) ({RR} 6... b5 7. a4 b4 8. c4 bxc3 9. bxc3 Bb7 10. c4 Nc6 11. Nc3 Na5 12. cxd5 Nxd5 13. Ne4 Nb4 14. Ba3 Bd5 15. Rc1 Nac6 16. Nxc6 Nxc6 17. Bxe7 Nxe7 18. Qc2 c6 19. Ng5 Nf5 20. Bxd5 cxd5 21. Nf3 {Warmerdam,M (2607)-Keleberda,T (2302) chess.com INT 2023 ½-½ (104)}) 7. c4 Nxe5 8. dxe5 c6 $146 ({RR} 8... dxc4 9. Qc2 c5 10. Na3 Qc7 11. Nxc4 Nc6 12. Qe4 Bd7 13. Qg4 Kh8 14. Bg5 Bxg5 15. Qxg5 Nd4 16. e3 f6 17. exf6 gxf6 18. Qh5 Nf5 19. Be4 Bc6 20. Qf3 Ne7 21. Rfd1 f5 22. Bxc6 Nxc6 23. a4 {Gledura,B (2639)-Titus,A (2124) Seattle USA 2023 1-0 (49)}) 9. Nc3 b6 10. cxd5 cxd5 11. Nxd5 exd5 12. Qxd5 Qxd5 13. Bxd5 Bh3 14. Bxa8 Bxf1 15. Kxf1 Nd7 16. Bd5 Nxe5 17. Bf4 Ng6 18. Be3 Bf6 19. Rc1 Ne7 20. Be4 Bxb2 21. Rc7 Nc8 22. Bb7 Nd6 23. Bd5 Nb5 24. Rd7 Bd4 25. Bxd4 Nxd4 26. Rxa7 Ne6 27. Rb7 Rd8 28. Bxe6 fxe6 29. Rxb6 Rd1+ 30. Kg2 Kf7 31. a4 Ra1 32. Ra6 g5 33. g4 e5 34. Ra8 e4 35. e3 Kg6 36. a5 Kg7 37. a6 h6 38. h3 Kh7 39. Re8 Rxa6 40. Rxe4 Ra2 41. Kg3 Ra1 42. h4 gxh4+ 43. Kxh4 Rg1 44. Re7+ Kg6 45. Re6+ Kg7 46. f4 Rg2 47. e4 Rg1 48. f5 Rg2 49. e5 Rg1 50. Re7+ Kf8 51. f6 Kg8 52. Kh5 Kf8 53. e6 1-0

[Event "AimChess Rapid Play-In"]
[Site "chess.com INT"]
[Date "2023.06.12"]
[Round "5.42"]
[White "Pantsulaia, L."]
[Black "Fier, A."]
[Result "1-0"]
[WhiteElo "2564"]
[BlackElo "2604"]
[PlyCount "57"]
[EventDate "2023.06.12"]
[EventType "rapid"]

1. Nf3 d5 2. c4 c6 3. g3 Nf6 4. Bg2 e6 5. O-O dxc4 6. a4 Nbd7 ({RR} 6... Qd5 7. Qc2 e5 8. Ng5 Qc5 9. Na3 h6 10. Ne4 Nxe4 11. Qxe4 Be6 12. Nb5 Na6 13. b4 Qd5 14. Qe3 Qd7 15. Na3 Bxb4 16. Qxe5 O-O 17. Bb2 f6 18. Qe4 Nc5 19. Qh4 Qxd2 20. Nxc4 Qxe2 21. Ne3 {Leer Salvesen,B (2370)-Nakamura,H (2786) Eilat 2012 0-1}) ({RR} 6... a6 7. Qc2 b5 8. axb5 cxb5 9. Nd4 Qxd4 10. Bxa8 Nd5 11. Nc3 Be7 12. Nxd5 exd5 13. Qc3 Qxc3 14. dxc3 d4 15. cxd4 Kd7 16. Bg2 Bd6 17. e4 Bb7 18. Bd2 Nc6 19. e5 Be7 20. Rfe1 Ra8 21. Rad1 {Papp,L (2376)-Kheerthi,G (1967) Budapest HUN 2025 1-0}) 7. Na3 Bxa3 8. bxa3 $146 ({RR} 8. Rxa3 O-O 9. Qc2 e5 10. Qxc4 Re8 11. d3 Nd5 12. a5 N7f6 13. a6 Qd6 14. axb7 Bxb7 15. Bd2 Nb6 16. Qb3 c5 17. Rfa1 Bd5 18. Qc3 Qc7 19. e4 Be6 20. Qxe5 Qxe5 21. Nxe5 Bc8 22. f4 a6 {Bruce,R-Saunders,H Nottingham/ Nottinghamshire 1946 1-0 (50)}) 8... O-O 9. Qc2 b5 10. Nd4 Ne5 11. Nxc6 Nxc6 12. Bxc6 Bd7 13. Bxa8 Qxa8 14. Bb2 Nd5 15. axb5 Bxb5 16. Bxg7 Rc8 17. Bd4 Ne7 18. f3 Nf5 19. Bf2 h5 20. Qe4 Qxe4 21. fxe4 Nd6 22. e5 Ne4 23. Be3 Rd8 24. a4 Bc6 25. Ra2 a6 26. Rc1 Bd5 27. Rb2 h4 28. d3 c3 29. Rbc2 1-0

[Event "AimChess Rapid Play-In"]
[Site "chess.com INT"]
[Date "2023.06.12"]
[Round "6.55"]
[White "Demidov, M."]
[Black "Bjerre, Jonas Buhl"]
[Result "1-0"]
[WhiteElo "2587"]
[BlackElo "2624"]
[PlyCount "73"]
[EventDate "2023.06.12"]
[EventType "rapid"]

1. Nf3 c5 2. e3 Nf6 3. d4 d5 4. c4 cxd4 5. exd4 g6 6. Nc3 Bg7 7. cxd5 Nxd5 8. Bd3 O-O 9. O-O Nc6 10. Be4 ({RR} 10. Bc2 Bg4 11. Be3 Rc8 12. h3 Bxf3 13. Qxf3 e6 14. Nxd5 Qxd5 15. Be4 Qb5 16. Rfd1 Rfd8 17. b3 Qb4 18. a3 Qb5 19. b4 f5 20. Bxc6 Qxc6 21. Qf4 h6 22. h4 b5 23. Rac1 Qe4 24. Qxe4 fxe4 {Hubner,J (1819)-Barria Zuniga,D (2341) chess.com INT 2025 0-1 (62)}) 10... Be6 11. Re1 $146 ({RR} 11. Bg5 Qd7 12. Re1 f6 13. Bh4 Bh6 14. Bg3 Rfd8 15. h4 Kg7 16. h5 Ncb4 17. Qe2 Re8 18. hxg6 hxg6 19. Bxg6 Kxg6 20. Qxe6 Qxe6 21. Rxe6 Rac8 22. Nxd5 Nxd5 23. Rae1 Rc2 24. R6e2 Rec8 25. Nh4+ Kf7 {Poppeler,A-Ponnath,L Munich 1985 0-1 (35)}) 11... Nxc3 12. bxc3 Bd5 13. Ba3 Re8 14. Bxd5 Qxd5 15. Qb3 Qd7 16. Rad1 Rac8 17. Qa4 e6 18. c4 Ne5 19. Qxd7 Nxd7 20. c5 Nb8 21. Rb1 Nc6 22. Rxb7 Nxd4 23. Nxd4 Bxd4 24. Rc1 Rc6 25. Rxa7 Rec8 26. Ra5 e5 27. Bb4 e4 28. Rc4 Bf6 29. Rxe4 Rd8 30. g3 Rd1+ 31. Kg2 Kg7 32. a3 Rc1 33. Ra7 Rc2 34. Rd7 g5 35. h4 h6 36. h5 Bb2 37. Rd6 1-0

[Event "AimChess Rapid Play-In"]
[Site "chess.com INT"]
[Date "2023.06.12"]
[Round "7.14"]
[White "Pantsulaia, L."]
[Black "Firouzja, Alireza"]
[Result "1-0"]
[WhiteElo "2564"]
[BlackElo "2786"]
[PlyCount "73"]
[EventDate "2023.06.12"]
[EventType "rapid"]

1. Nf3 Nf6 2. g3 b5 3. Bg2 Bb7 4. O-O c5 5. b3 e6 6. c4 bxc4 7. bxc4 Be7 8. Nc3 O-O 9. Rb1 Bc6 10. Re1 ({RR} 10. d3 d6 11. e4 Nbd7 12. Qe2 Rb8 13. Bb2 a6 14. Nd2 Qc7 15. f4 Nb6 16. f5 e5 17. g4 h6 18. h4 Nh7 19. Nf3 Na4 20. Nxa4 Bxa4 21. Qd2 Qd8 22. Qf2 g5 23. hxg5 Nxg5 24. Bc3 Nxf3+ {Fiskaaen,M (2283)-Vestby-Ellingsen,M (2398) Fagernes NOR 2025 ½-½}) 10... d6 11. e4 Na6 ({RR} 11... Nbd7 12. d4 Nb6 13. d5 exd5 14. cxd5 Bb7 15. a4 Rb8 16. a5 Nc4 17. Qa4 Ba6 18. Bf1 Qd7 19. Qa2 Rxb1 20. Nxb1 Qb7 21. Bxc4 Bxc4 22. Qxc4 Qxb1 23. e5 dxe5 24. Nxe5 Bd6 25. Nc6 Qf5 26. Bf4 {Pantsulaia,L (2597)-Batsuren,D (2525) Almaty KAZ 2022 1-0 (40)}) 12. d4 cxd4 $146 ({RR} 12... Rb8 13. Rxb8 Qxb8 14. d5 Bd7 15. e5 dxe5 16. Nxe5 Rd8 17. Bf4 Qb4 18. Qc2 Be8 19. Rb1 Qa5 20. dxe6 fxe6 21. Bh3 Nb4 22. Bxe6+ Kh8 23. Qe2 Qa3 24. Rb3 Qa6 25. Nf7+ Bxf7 26. Bxf7 Bd6 27. Bg5 {Yilmaz,M (2626)-Quispe Arteaga,G (2388) Chess.com INT 2021 1-0 (37)}) 13. Nxd4 Bd7 14. Ndb5 e5 15. Be3 Nc5 16. Qd2 Be6 17. Red1 Bxc4 18. Nxd6 Bd3 19. Bxc5 Bxb1 20. Rxb1 Qc7 21. Nd5 Qxc5 22. Nxe7+ Kh8 23. Rc1 Qa3 24. Rc7 Rab8 25. Bf1 h6 26. Nc6 Rb1 27. Nxe5 Kg8 28. Kg2 Rb2 29. Qd4 Rb1 30. Bc4 Kh7 31. Nexf7 Qc1 32. e5 Qh1+ 33. Kh3 Rg1 34. Qd3+ Kg8 35. Nxh6+ Kh8 36. Ndf7+ Rxf7 37. Rc8+ 1-0

[Event "AimChess Rapid Play-In"]
[Site "chess.com INT"]
[Date "2023.06.12"]
[Round "8.16"]
[White "Yu Yangyi"]
[Black "Deac, Bogdan-Daniel"]
[Result "1-0"]
[WhiteElo "2734"]
[BlackElo "2693"]
[PlyCount "113"]
[EventDate "2023.06.12"]
[EventType "rapid"]

1. Nf3 d5 2. g3 Nf6 3. Bg2 e6 4. O-O Be7 5. d4 O-O 6. c4 dxc4 7. Qa4 Qd5 8. Nc3 Qc6 9. Ne5 Qxa4 10. Nxa4 Nd5 11. Nc3 Nb6 12. b3 $146 ({RR} 12. Bf4 c6 13. Rac1 f6 14. Nf3 Rd8 15. Ne4 Na6 16. Rfd1 g5 17. Bd2 Kf7 18. Ba5 Nc7 19. e3 Rd5 20. Be1 Rb5 21. Rc2 Na4 22. Rb1 Bd7 23. Bf1 Nb6 24. Ned2 g4 25. Nh4 Rg5 26. Nxc4 h5 {Iskusnyh,S (2440)-Rietze,C (2341) chess.com INT 2024 1-0 (60)}) 12... cxb3 13. axb3 c6 14. Ba3 Bxa3 15. Rxa3 Rd8 16. e3 N8d7 17. Nc4 Nd5 18. Ne4 a6 19. Rc1 Rb8 20. h3 Nc7 21. Raa1 Nf6 22. Nc5 Nfd5 23. Na5 Ne7 24. Nd3 Nb5 25. g4 f6 26. f4 Kf7 27. Kf2 Bd7 28. Nc5 Bc8 29. Nd3 Bd7 30. Nc5 Bc8 31. Nc4 Nd5 32. Bf3 Kg8 33. h4 b6 34. Nd3 a5 35. g5 Bd7 36. gxf6 gxf6 37. Rg1+ Kh8 38. e4 Ne7 39. e5 Rf8 40. Rad1 Nd5 41. exf6 Rxf6 42. Nce5 Be8 43. Bxd5 cxd5 44. Rc1 Bg6 45. Ke3 Rd8 46. Rc6 Nd6 47. Rxb6 Nf5+ 48. Kd2 Nxd4 49. Rb7 Bxd3 50. Kxd3 Rxf4 51. Rgg7 Nf5 52. Rxh7+ Kg8 53. Ng6 Rd4+ 54. Ke2 Ng3+ 55. Kf3 Rd3+ 56. Kg2 Rd2+ 57. Kxg3 1-0

[Event "AimChess Rapid Play-In"]
[Site "chess.com INT"]
[Date "2023.06.12"]
[Round "8.30"]
[White "Mekhitarian, K."]
[Black "Brkic, A."]
[Result "1-0"]
[WhiteElo "2537"]
[BlackElo "2608"]
[PlyCount "65"]
[EventDate "2023.06.12"]
[EventType "rapid"]

1. Nf3 d5 2. c4 d4 3. b4 c5 4. Bb2 Nf6 5. g3 Qc7 6. Bg2 e5 7. bxc5 Bxc5 8. O-O Nc6 9. d3 O-O 10. Nbd2 Re8 11. Ng5 $146 ({RR} 11. Rb1 Bd7 12. Qc1 Na5 13. Nb3 Nxb3 14. axb3 Bc6 15. Ba3 Bxa3 16. Qxa3 a5 17. Qb2 Nd7 18. Ra1 Qb6 19. Rfb1 h6 20. Nd2 f5 21. Qc2 Bxg2 22. Kxg2 Nf6 23. c5 Qc6+ 24. Kg1 Nd5 25. Rc1 Kh8 {Stoeckl,S (2028)-Bader,D (2029) Bayern 2016 0-1 (38)}) 11... h6 12. Nge4 Nxe4 13. Nxe4 Bf8 14. Rc1 Be6 15. Qa4 f5 16. Nd2 Rad8 17. Ba3 Bxa3 18. Qxa3 Bf7 19. Rb1 Na5 20. Rb5 b6 21. c5 Qe7 22. Qb2 e4 23. cxb6 axb6 24. dxe4 fxe4 25. Nxe4 Bg6 26. Nd2 Qxe2 27. Rxb6 Bf7 28. Bf3 Qd3 29. Kg2 Nc4 30. Nxc4 Qxc4 31. Rd1 d3 32. Rb7 Bd5 33. Qxg7# 1-0

[Event "AimChess Rapid Play-In"]
[Site "chess.com INT"]
[Date "2023.06.12"]
[Round "9.8"]
[White "Pantsulaia, L."]
[Black "Yu Yangyi"]
[Result "1-0"]
[WhiteElo "2564"]
[BlackElo "2734"]
[PlyCount "105"]
[EventDate "2023.06.12"]
[EventType "rapid"]

1. Nf3 d5 2. c4 c6 3. g3 Bg4 4. Ne5 Be6 ({RR} 4... Bf5 5. Qb3 Qb6 6. cxd5 Qxb3 7. axb3 Be4 8. dxc6 Bxh1 9. Rxa7 {1-0 (9) Caruana,F (2796)-Firouzja,A (2744) chess.com INT 2024}) 5. d4 Nd7 6. cxd5 cxd5 $146 ({RR} 6... Bxd5 7. f3 Nxe5 8. dxe5 Bc4 9. Qxd8+ Rxd8 10. e4 Bxf1 11. Rxf1 e6 12. Ke2 Bc5 13. Nd2 Ne7 14. Nb3 Bb6 15. a4 Bc7 16. f4 b6 17. Be3 c5 18. Rfc1 a5 19. Nd2 Nc6 20. Nc4 Ke7 21. b3 {Pantsulaia,L (2597)-Brunello,S (2519) Almaty KAZ 2022 ½-½ (52)}) ({RR} 6... Bxd5 7. f3 Nxe5 8. dxe5 g6 9. Bd2 Be6 10. e4 h5 11. Bc3 Qb6 12. Qd4 h4 13. g4 Bh6 14. a4 Qc7 15. Na3 Bf4 16. Bc4 Nh6 17. O-O O-O 18. Bxe6 fxe6 19. Qc4 Qc8 20. Nc2 Nf7 21. Nd4 {Pantsulaia,L (2522)-Van Wely,L (2612) chess.com INT 2025 0-1 (49)}) 7. Bg2 Ngf6 8. O-O g6 9. Nc3 Bg7 10. Qb3 Qb6 11. Nxd7 Kxd7 12. Qa3 Rhd8 13. Na4 Qb5 14. Nc3 Qb6 15. Bf4 Ke8 16. Be5 Kf8 17. Rac1 Rac8 18. e3 Rc6 19. Na4 Qa6 20. Rxc6 Qxc6 21. Nc5 a6 22. Rc1 Bf5 23. Qb4 b6 24. Nd3 Qb5 25. Qxb5 axb5 26. Nb4 Ne4 27. Bxg7+ Kxg7 28. Rc6 Bd7 29. Rc7 e6 30. Bxe4 dxe4 31. Rb7 Be8 32. Rxb6 Rc8 33. h4 Rc4 34. Na6 Rc2 35. b4 Rxa2 36. Nc7 Bd7 37. Nxb5 Bxb5 38. Rxb5 Rb2 39. g4 h6 40. Kg2 Kf6 41. g5+ hxg5 42. hxg5+ Ke7 43. Rb7+ Kf8 44. Kg3 Kg7 45. b5 Kf8 46. b6 Kg7 47. Rb8 Rb5 48. Kf4 Rf5+ 49. Kxe4 Rxf2 50. Ke5 Rf5+ 51. Kd6 Rxg5 52. b7 Rb5 53. Kc6 1-0

[Event "Titled Tue 6th Jun Early"]
[Site "chess.com INT"]
[Date "2023.06.06"]
[Round "4"]
[White "Hakobyan, Aram"]
[Black "Beerdsen, Thomas"]
[Result "1-0"]
[WhiteElo "2613"]
[BlackElo "2520"]
[PlyCount "77"]
[EventDate "2023.06.06"]

1. Nf3 h6 2. e4 g5 3. Bc4 ({RR} 3. d4 Bg7 4. h3 d6 5. Bd3 c5 6. c3 Qc7 7. Be3 Nd7 8. Nbd2 Ngf6 9. Nf1 Nh5 10. g3 Nhf6 11. g4 b6 12. Ng3 Bb7 13. Qc2 a6 14. Qe2 e6 15. Nd2 b5 16. h4 gxh4 17. Rxh4 Nb6 {Grigoriants,S (2587)-Rapport,R (2720) Reykjavik 2016 ½-½}) ({RR} 3. d4 Bg7 4. Nc3 c5 5. h3 cxd4 6. Nxd4 Nc6 7. Be3 Qa5 8. Qd2 d6 9. Be2 Nf6 10. Nb3 Qe5 11. f3 Qg3+ 12. Kf1 Be6 13. Nd4 Qe5 14. Rd1 Nh5 15. Kf2 Ng3 16. Rhe1 Nxe2 17. Qxe2 O-O {Brancaleoni,M (2180)-Vovk,O (2315) chess.com INT 2024 1-0}) ({RR} 3. d4 g4 4. Nh4 h5 5. h3 d5 6. e5 c5 7. dxc5 Nc6 8. Bf4 Bh6 9. Bxh6 Nxh6 10. Bb5 Be6 11. c3 Qc7 12. Qd4 Rg8 13. Nd2 Qa5 14. a4 gxh3 15. gxh3 Qc7 16. Qf4 Rh8 17. Ndf3 O-O-O {Terry,R (2520)-Beerdsen,T (2523) chess.com INT 2023 1-0 (57)}) 3... e6 4. O-O $146 ({RR} 4. d4 a6 5. Nc3 b5 6. Bb3 Bb7 7. d5 b4 8. Ne2 g4 9. Ne5 Nf6 10. Ng3 Rg8 11. h3 gxh3 12. Rxh3 Qe7 13. dxe6 fxe6 14. Qe2 Nc6 15. Nxc6 Bxc6 16. Bxh6 Ng4 17. Bd2 Qf6 18. c3 Bb5 {Obolenskikh,D (2543)-Beerdsen,T (2508) Chess.com INT 2022 0-1 (46)}) 4... g4 5. Ne1 h5 6. d4 Bg7 7. Nc3 a6 8. a4 b6 9. Be3 Bb7 10. f3 Nh6 11. Qd2 Nc6 12. Rd1 Qf6 13. Be2 Qg6 14. d5 Ne5 15. f4 Nf3+ 16. Bxf3 gxf3 17. Nxf3 O-O-O 18. d6 c5 19. a5 Ng4 20. axb6 Nxe3 21. Qxe3 Rhg8 22. Rf2 Bxc3 23. Qxc3 Qxe4 24. Qxc5+ Bc6 25. Ng5 Qg6 26. b7+ Kb8 27. Qb6 Bxb7 28. Rd3 Qf5 29. Rb3 Qd5 30. c4 Qc6 31. Qxc6 dxc6 32. c5 Rd7 33. Ne4 Rg6 34. Rg3 a5 35. Rd2 Kc8 36. Rxg6 fxg6 37. Ng5 Ba6 38. Nf3 Bc4 39. Ne5 1-0

[Event "Titled Tue 6th Jun Early"]
[Site "chess.com INT"]
[Date "2023.06.06"]
[Round "7"]
[White "Gledura, B."]
[Black "Hakobyan, Aram"]
[Result "1-0"]
[WhiteElo "2645"]
[BlackElo "2613"]
[PlyCount "103"]
[EventDate "2023.06.06"]

1. Nf3 g6 2. d4 Bg7 3. g3 d6 4. Bg2 Nf6 5. O-O O-O 6. c4 Bf5 7. Nh4 Be4 8. Nf3 Bf5 9. Nc3 Ne4 10. Nd5 ({RR} 10. Nh4 Nxc3 11. bxc3 Bc8 12. f4 c6 13. f5 e6 14. e4 exf5 15. exf5 d5 16. cxd5 cxd5 17. Qf3 g5 18. f6 Bxf6 19. Qxf6 Qxf6 20. Rxf6 gxh4 21. Bxd5 hxg3 22. Bh6 gxh2+ 23. Kxh2 Nd7 24. Rg1+ Kh8 {Vakhidov,J (2546)-Aliyev,E (2079) chess.com INT 2025 1-0}) 10... c6 11. Ne3 Be6 12. Qc2 $146 ({RR} 12. b3 f5 13. Bb2 f4 14. Nc2 Nd7 15. e3 fxg3 16. hxg3 Bg4 17. Nce1 Ng5 18. e4 c5 19. Qd3 Nxf3+ 20. Bxf3 Bh3 21. Bg2 Bxg2 22. Nxg2 cxd4 23. Bxd4 Nc5 24. Qe3 Qc7 25. Rad1 Bxd4 26. Rxd4 e5 {Bok,B (2638)-Perez Ponsa,F (2562) Chess.com INT 2019 0-1 (40)}) 12... d5 13. Ne5 Nf6 14. cxd5 cxd5 15. Bd2 Nfd7 16. Bc3 Nc6 17. Rfd1 Nb6 18. a4 a5 19. Nd3 Nxd4 20. Bxd4 Bxd4 21. Nf4 Bxe3 22. fxe3 Nc4 23. Qc3 Qb6 24. Nxd5 Bxd5 25. Rxd5 Qxe3+ 26. Qxe3 Nxe3 27. Rb5 Nxg2 28. Kxg2 Ra7 29. Rc1 Rd8 30. Rc7 e6 31. Rbxb7 Rxb7 32. Rxb7 Rd2 33. Kf3 Kg7 34. Ke3 Rd1 35. Rb5 Rb1 36. Kd4 h5 37. Kc5 f5 38. Kb6 Re1 39. Kxa5 Rxe2 40. Kb6 h4 41. a5 Rxh2 42. gxh4 Rxh4 43. a6 f4 44. a7 Rh8 45. Ra5 g5 46. a8=Q Rxa8 47. Rxa8 f3 48. Kc5 g4 49. Kd4 f2 50. Ra1 Kf6 51. Ke3 g3 52. Kf3 1-0

[Event "Titled Tue 6th Jun Early"]
[Site "chess.com INT"]
[Date "2023.06.06"]
[Round "10"]
[White "Svane, R."]
[Black "Duda, J."]
[Result "1-0"]
[WhiteElo "2616"]
[BlackElo "2732"]
[PlyCount "109"]
[EventDate "2023.06.06"]

1. Nf3 b6 2. g3 Bb7 3. Bg2 c5 4. c4 g6 5. d4 cxd4 6. Qxd4 Nf6 7. O-O Nc6 8. Qf4 Bg7 9. Nc3 O-O 10. Rd1 Rc8 11. b3 ({RR} 11. Qh4 Na5 12. b3 Rc5 13. Bb2 Qa8 14. Na4 Rcc8 15. Ne1 d6 16. Rac1 Rfd8 17. Nc3 Rc5 18. Qd4 Nc6 19. Qd2 Ne5 20. Nd5 Nxd5 21. cxd5 Rdc8 22. e4 a5 23. f4 Nd7 24. Bxg7 Kxg7 25. Nf3 R8c7 {Stachowiak,K (2424)-Kozak,A (2426) Lublin POL 2024 1-0 (79)}) 11... d6 12. Bb2 Nd7 $146 ({RR} 12... Qd7 13. Rac1 Rfd8 14. Qh4 Qg4 15. Qxg4 Nxg4 16. h3 Nge5 17. Nxe5 Bxe5 18. Na4 Bxb2 19. Nxb2 Na5 20. Na4 Kf8 21. Nc3 Bxg2 22. Kxg2 Nb7 23. g4 e6 24. Rd3 Ke7 25. Rcd1 a6 26. Re3 Kf8 27. Red3 {Maletin,P (2567)-Andreikin,D (2723) Novosibirsk 2012 0-1 (64)}) 13. Rd2 Nce5 14. Rad1 Nxf3+ 15. exf3 f5 16. Nd5 Bxb2 17. Rxb2 Nf6 18. Nxf6+ Rxf6 19. Re2 Qc7 20. Qe3 Rf7 21. f4 Bxg2 22. Kxg2 Qc5 23. Qf3 Qc6 24. Rd5 Rc7 25. Re6 Qd7 26. Qe2 Kg7 27. Rd3 Rf6 28. Rxf6 exf6 29. Rd5 Rc5 30. Rd4 Rc8 31. Qd3 Qc6+ 32. Rd5 Re8 33. a4 Re6 34. h3 h5 35. Qf3 Kh6 36. g4 Qd7 37. gxf5 gxf5 38. Rxf5 Qg7+ 39. Qg3 Qg6 40. Qxg6+ Kxg6 41. Rd5 f5 42. Kf3 h4 43. a5 bxa5 44. Rxa5 Re7 45. Ra6 Rd7 46. c5 Kf7 47. c6 Rc7 48. Ke3 Ke6 49. Kd4 Rg7 50. b4 Rc7 51. b5 Rg7 52. Ra1 Rg2 53. Re1+ Kf7 54. c7 Rg8 55. Kd5 1-0

[Event "Titled Tue 6th Jun Early"]
[Site "chess.com INT"]
[Date "2023.06.06"]
[Round "11"]
[White "Andreikin, D."]
[Black "Sanal, V."]
[Result "1-0"]
[WhiteElo "2729"]
[BlackElo "2577"]
[PlyCount "65"]
[EventDate "2023.06.06"]

1. Nf3 c5 2. c4 d6 3. d4 cxd4 4. Nxd4 e5 5. Nb5 Nf6 6. Bg5 Nc6 7. e3 a6 8. N5c3 Be7 9. Bxf6 Bxf6 10. Nd5 O-O $146 ({RR} 10... Bf5 11. Nbc3 O-O 12. Be2 e4 13. Nxf6+ Qxf6 14. Nd5 Qxb2 15. O-O b5 16. cxb5 axb5 17. Rb1 Qe5 18. Bxb5 Ne7 19. Nxe7+ Qxe7 20. a4 Rfd8 21. Qd4 Bd7 22. Rfd1 Bxb5 23. axb5 Rab8 24. h3 h6 25. Rd2 {Heuser,G (1997)-Wiemer,J (1821) Halver 2003 1-0 (34)}) 11. Nbc3 Bg5 12. h4 Bh6 13. g4 g6 14. h5 Bg7 15. Bg2 Be6 16. Ne4 Qa5+ 17. b4 Qd8 18. h6 Bh8 19. g5 Bxd5 20. cxd5 Ne7 21. Bh3 Qb6 22. a3 a5 23. Qf3 Qd8 24. b5 Nc8 25. Rc1 Nb6 26. Rc7 Nxd5 27. Rd7 Qc8 28. O-O Qc4 29. Rd1 f5 30. Rxd5 Rfd8 31. R5xd6 Rxd7 32. Rxd7 Qxb5 33. Rxb7 1-0

[Event "Titled Tue 6th Jun Late"]
[Site "chess.com INT"]
[Date "2023.06.06"]
[Round "11"]
[White "Svane, R."]
[Black "Duda, J."]
[Result "1-0"]
[WhiteElo "2616"]
[BlackElo "2732"]
[PlyCount "75"]
[EventDate "2023.06.06"]

1. Nf3 Nf6 2. g3 b5 3. Bg2 Bb7 4. d3 e6 5. O-O d5 6. c4 c6 7. Qc2 Nbd7 8. b3 Be7 9. Bb2 O-O 10. e4 $146 ({RR} 10. Nbd2 Rc8 11. e4 Ne8 12. Rac1 a5 13. Rfd1 Nd6 14. c5 Ne8 15. d4 b4 16. e5 Ba6 17. Nf1 f6 18. exf6 Bxf6 19. Re1 Nc7 20. Ne3 h5 21. h4 Bb5 22. Bh3 Ra8 23. Ng2 Be7 24. Nf4 Rxf4 {Svane,R (2637)-Krzyzanowski,M (2519) chess.com INT 2024 1-0 (35)}) 10... Rc8 11. e5 Ne8 12. Nbd2 Nc7 13. Rae1 c5 14. h4 Nb6 15. Rd1 Qd7 16. Rfe1 Rfd8 17. Nf1 a5 18. Ne3 Na6 19. h5 h6 20. Ng4 d4 21. Qc1 Nb4 22. a3 Na6 23. Nxh6+ gxh6 24. Qxh6 Bf8 25. Qg5+ Kh8 26. h6 Qe7 27. Qh5 Bxf3 28. Bxf3 Nc7 29. Bc1 Qe8 30. Qh4 Nd7 31. Bg5 bxc4 32. bxc4 Rb8 33. Bc6 f5 34. exf6 Qf7 35. Bf3 Rb3 36. Bh5 Qh7 37. f7 Bxh6 38. Bxd8 1-0

[Event "TCh-FRA Top 16 Haute 2023"]
[Site "Chartres FRA"]
[Date "2023.06.10"]
[Round "3.4"]
[White "Vidit, S."]
[Black "Van Foreest, Jorden"]
[Result "1-0"]
[WhiteElo "2712"]
[BlackElo "2695"]
[PlyCount "77"]
[EventDate "2023.06.08"]
[WhiteTeam "Lyon Olympique Echecs"]
[BlackTeam "Clichy Echecs 92"]

1. Nf3 d5 2. e3 Nf6 3. c4 c6 4. Nc3 e6 5. b3 Bd6 6. d4 Nbd7 7. Bb2 O-O 8. Be2 b6 9. O-O Bb7 10. Qc2 Qe7 11. a4 a5 12. Rad1 Rfe8 ({RR} 12... Bb4 13. Ne5 Rac8 14. f4 c5 15. Nb5 cxd4 16. exd4 Ne4 17. Bd3 f5 18. Na7 Rc7 19. Nb5 Rcc8 20. Na7 Rc7 21. Nb5 Nxe5 22. fxe5 Rd7 23. Qe2 Qg5 24. cxd5 Bxd5 25. Bc4 Rc8 26. Rc1 Bd2 27. Rce1 {Vidit,S (2719)-Wei Yi (2726) Dubai UAE 2023 0-1 (55)}) ({RR} 12... Rad8 13. h3 Rfe8 14. Rfe1 Bb4 15. Bd3 h6 16. Re2 Ba3 17. Ba1 Bb4 18. e4 Bxc3 19. Qxc3 dxe4 20. Bxe4 Qb4 21. Qxb4 axb4 22. Bc2 Kf8 23. Red2 Ke7 24. Bb2 Rg8 25. Ne1 c5 26. f3 g5 27. Nd3 {Peycheva,G (2212)-Guha,R (2154) Charlotte USA 2025 1-0 (47)}) 13. h3 $146 ({RR} 13. Bd3 Rad8 14. e4 dxe4 15. Nxe4 Nxe4 16. Bxe4 Nf8 17. Rfe1 Ng6 18. g3 Qf8 19. Ng5 f5 20. Bd3 Bc8 21. c5 bxc5 22. Bc4 cxd4 23. Bxd4 Bb4 24. Rxe6 Bxe6 25. Bxe6+ {1-0 (25) Sasikiran,K (2595)-Konopka,M (2346) Czech Republic CZE 2024}) 13... Rac8 14. Qb1 Rcd8 15. Qc2 Rc8 16. Bd3 c5 17. cxd5 exd5 18. Qe2 Nf8 19. Ba6 c4 20. Bb5 Bc6 21. bxc4 dxc4 22. d5 Bxb5 23. Nxb5 Red8 24. Nfd4 Qe5 25. Nxd6 Qxd6 26. Nf5 Qd7 27. Bxf6 gxf6 28. Qg4+ Ng6 29. h4 c3 30. h5 c2 31. Rc1 Kf8 32. e4 Qxa4 33. hxg6 hxg6 34. Ne3 f5 35. Qg5 Qxe4 36. Rxc2 Kg7 37. Rc6 Rxc6 38. Qxd8 Rf6 39. Rc1 1-0

[Event "chess.com Junior Speed"]
[Site "chess.com INT"]
[Date "2023.06.13"]
[Round "1.12"]
[White "Pranav, V."]
[Black "Yoo, Christopher Woojin"]
[Result "1-0"]
[WhiteElo "2608"]
[BlackElo "2606"]
[PlyCount "83"]
[EventDate "2023.06.13"]
[EventType "k.o."]

1. Nf3 c5 2. g3 Nc6 3. Bg2 g6 4. O-O Bg7 5. e4 f6 $146 ({RR} 5... Nf6 6. Re1 d5 7. exd5 Nxd5 8. Nc3 Nc7 9. b3 O-O 10. Bb2 b6 11. Na4 Bb7 12. Bxg7 Kxg7 13. Ne5 Qd6 14. d4 cxd4 15. Nxc6 Bxc6 16. Bxc6 Qxc6 17. Qxd4+ Qf6 18. Rad1 Rfd8 19. Qxf6+ Kxf6 20. c4 {Pirc,V-Buljovcic,I Skopje 1962 ½-½ (32)}) ({RR} 5... e5 6. c4 Nge7 7. Nc3 O-O 8. a3 d6 9. d3 f5 10. exf5 Bxf5 11. Bg5 Qd7 12. Bxe7 Nxe7 13. Ne1 Bg4 14. Qd2 Nf5 15. Nc2 Bh6 16. Qe1 Rae8 17. Ne4 Qa4 18. Qc3 Nd4 19. Nxd4 exd4 20. Qe1 {Anastasian,A (2561)-Moiseenko,A (2627) Istanbul 2003 1-0 (64)}) ({RR} 5... Nf6 6. Re1 d5 7. exd5 Nxd5 8. Nc3 Nxc3 9. dxc3 Qb6 10. a4 O-O 11. Qe2 Bf5 12. h3 Rad8 13. g4 Be6 14. Qb5 Na5 15. Be3 Rc8 16. Ng5 Bc4 17. Qxb6 axb6 18. Rad1 h6 19. Nf3 Be6 20. Bf4 {Markos,J (2584)-Bernasek,J (2539) Austria 2014 1-0 (62)}) 6. c3 e5 7. d4 cxd4 8. cxd4 exd4 9. Nxd4 Nxd4 10. Qxd4 Ne7 11. Nc3 O-O 12. Bf4 Nc6 13. Qd2 Ne5 14. Rfd1 Kh8 15. Rac1 b6 16. Nb5 d5 17. Qxd5 Bg4 18. Qxd8 Raxd8 19. Rxd8 Rxd8 20. h3 Nd3 21. Rc7 Nxf4 22. hxg4 a6 23. Nc3 Nd3 24. Bf1 Nxb2 25. Bxa6 Nd1 26. Nxd1 Rxd1+ 27. Kg2 Bf8 28. Rf7 Bc5 29. Rxf6 Kg7 30. e5 Rd4 31. f4 Ra4 32. Bb7 Rxa2+ 33. Kh3 Rd2 34. g5 b5 35. e6 Rd8 36. Rf7+ Kg8 37. Bc6 Rc8 38. Bd7 Rb8 39. Bc6 Rb6 40. Bd5 b4 41. e7 Bxe7 42. Rf6+ 1-0